Statistiques concernant Paroles : Un autre monde - Téléphone

Cliquez ici pour prendre le quiz!

Statistiques générales

  • Ce quiz a été pris 1 354 fois
  • Le résultat moyen est 133 sur 165

Statistiques - réponses

Paroles% Correct
à
100%
À
100%
autre
100%
du
99%
je
99%
Je
99%
la
99%
l'a
99%
monde
99%
Terre
99%
terre
99%
d'un
98%
98%
rêvais
98%
ronde
98%
serait
98%
blonde
96%
Et
96%
lune
96%
féconde
94%
m'a
94%
Ma
94%
M'a
94%
réalité
92%
d'une
91%
un
90%
ne
89%
plus
89%
fermés
86%
en
85%
pied
85%
Une
85%
vie
85%
les
84%
voyais
84%
mes
83%
Qui
82%
dormais
81%
poings
81%
mystère
80%
moins
79%
tout
78%
est
76%
bien
75%
pieds
75%
yeux
75%
foutre
74%
l'air
74%
resterait
74%
si
73%
voulais
71%
Oui,
68%
Ce
67%
pardonné
63%
de
61%
Elle
59%
immobile
59%
futile
57%
ombres
55%
Dansent
54%
Dansent,
54%
dansent,
54%
dansent
54%
marchais
51%
soir
50%
trouvé
49%
Mais
45%
quand
43%
tourner
42%
alité
41%
faite
36%
notre
36%
rêver
26%
bouger
25%
Hé!
16%

Distribution des résultats

Percentile par nombre de réponses

% des personnes avec chaque résultat

Votre développement - résultats

Vous n’avez pas pris ce quiz